Sciences et communication : (Livre du professeur) . Cours accéléré de Francais pour Vietnamiens /
Guardado en:
| Autor principal: | |
|---|---|
| Otros Autores: | |
| Formato: | Sách giấy |
| Publicado: |
Hà Nội :
Bộ Giáo dục và Đào tạo,
1989
|
| Etiquetas: |
Agregar Etiqueta
Sin Etiquetas, Sea el primero en etiquetar este registro!
|
| Thư viện lưu trữ: | Thư viện Trường Đại học Đà Lạt |
|---|
| LEADER | 00692nam a2200253 4500 | ||
|---|---|---|---|
| 001 | DLU020018215 | ||
| 005 | ##7/2/2001 | ||
| 020 | # | # | |a 978- |
| 041 | # | # | |f re |
| 082 | # | # | |a 448.007 |b NG-B |
| 100 | # | # | |a Nguyen Dang Bao |
| 245 | # | # | |a Sciences et communication : |b (Livre du professeur) . |n Cours accéléré de Francais pour Vietnamiens / |c Nguyen Dang Bao, Lebeaupin Thierry |
| 260 | # | # | |a Hà Nội : |b Bộ Giáo dục và Đào tạo, |c 1989 |
| 300 | # | # | |a 227 tr.; |c 21 cm. |
| 700 | # | # | |a Thierry, Lebeaupin |
| 992 | # | # | |a 0 |
| 994 | # | # | |a DLU |
| 900 | # | # | |a False |
| 911 | # | # | |a Administrator |
| 925 | # | # | |a G |
| 926 | # | # | |a A |
| 927 | # | # | |a SH |
| 980 | # | # | |a Thư viện Trường Đại học Đà Lạt |